Statistiques concernant Vrai ou Faux football 2

Cliquez ici pour prendre le quiz!

Statistiques générales

  • Ce quiz a été pris 471 fois
  • Le résultat moyen est 7 sur 10

Statistiques - réponses

QuestionRéponse% Correct
Lionel Messi n'a jamais marqué de la tête durant sa carrièreFaux
94%
L'Olympique de Marseille est le seul club français à avoir disputé une finale de Ligue des ChampionsFaux
92%
Andrés Iniesta n'a jamais reçu de carton rouge avec plus de 700 matchs à son actifVrai
83%
Seuls 3 clubs italiens ont remporté la Ligue des ChampionsVrai
82%
Neymar a inscrit plus de buts sur coup franc que Cristiano RonaldoFaux
79%
L'Equipe nationale du Honduras n'a jamais participée à une Coupe du MondeFaux
73%
L'Equipe contre laquelle Lionel Messi a le plus marqué est l'Atlético Madrid avec 29 réalisationsFaux
61%
Thomas Müller a terminé meilleur buteur de la Coupe du Monde 2014Faux
53%
L'Uruguay est la nation ayant remportée le plus de Copa AmericaVrai
42%
Angel Di Maria a terminé meilleur passeur de Ligue 1 à 3 reprises lors des saisons 2015-2016, 2018-2019 et 2019-2020Faux
17%

Distribution des résultats

Percentile par nombre de réponses

% des personnes avec chaque résultat

Votre développement - résultats

Vous n’avez pas pris ce quiz